| 000 | 00571nam a2200181Ia 4500 | ||
|---|---|---|---|
| 001 | 14866 | ||
| 003 | GE_BSU | ||
| 008 | 181216s||||||||xx |||||||||||||| ||und|| | ||
| 040 | _cGE_BSU | ||
| 080 | _a519.85 | ||
| 100 | _aБухтияров, А.М. Маликова,Ю.П. Фролов,Г.Д. | ||
| 245 | _aПрактикум по программированию на фортране | ||
| 260 | _aМосква | ||
| 260 | _c1973 | ||
| 300 | _a304стр.21см. | ||
| 653 | _aПрактикум по программированию на фортране | ||
| 942 | _cBK | ||
| 999 |
_c47988 _d47988 |
||